000 00941cab a2200217 4500
001 ##L133737
008 060607n2006 000 0 eng u
035 _a(Sirsi) u133737
041 0 _aeng
100 1 _aVanderspar, Cathryn
245 0 0 _aREITs
_bdetailing the march forward
260 _c2006
490 0 _aProperty Forecast
_v9(5) May 2006, 6(1)
520 _aUpdates on the current position of REIT draft legislation. Comments on delays in finalising the criteria for REITs by HMRC, and the fact that much important detail will be contained in eleven sets of regulations. Discusses the changes contained in the Finance Bill and the proposed changes to the Listing Rules.
590 _aIKA200606
650 2 4 _aFINANCE (NO 2) BILL 2006
650 2 4 _aUNITED KINGDOM LISTING AUTHORITY LISTING RULES
651 4 _aUnited Kingdom
_y
690 _aPROPERTY-PROPERTY FINANCE AND INVESTMENT-REAL ESTATE INVESTMENT TRUSTS
942 _n0
999 _c77182
_d77182